| 000 | 00900nam a2200217Ia 4500 | ||
|---|---|---|---|
| 001 | 15294 | ||
| 005 | 20260311164626.0 | ||
| 008 | 260306t2010||||xx |||||||||||||| ||und|| | ||
| 041 | _aESP | ||
| 082 |
_a531.12 _bH441 |
||
| 100 |
_aHibbeler, Russell C. _eAUT |
||
| 245 | 0 | _aEstática | |
| 260 | _c2010 | ||
| 300 |
_a000 páginas : _c00 cm. |
||
| 650 | _aGEN | ||
| 654 | _aCCN | ||
| 856 |
_uhttps://itmsp.museknowledge.com/UCSP?url=https://www.ebooks7-24.com:443/?il=19687&pg=1 _zIntroducción a la Estática, por Pytel, Andrew. Versión digital |
||
| 856 |
_uhttps://0u213s3ms-y-https-ebooks7--24-com.itmsp.museknowledge.com/biblioteca.aspx?t=82FA4D14-8584-48F7-9345-C34119061441 _zVéase además: Base de datos Ebook7-24 |
||
| 856 |
_uhttps://0u21ds3pp-y-https-ebooks-editorialmacro-com.itmsp.museknowledge.com/library _zVéase además: Base de datos Macro Digital |
||
| 942 |
_cLIB _dJUS _fJUS _2ddc |
||
| 999 |
_c15294 _d15294 |
||